| 000 | 01331cam a2200361 i 4500 | ||
|---|---|---|---|
| 001 | 6831 | ||
| 003 | Mx-PuUPA | ||
| 005 | 20250618121752.0 | ||
| 008 | 140415s1999 sp gr 001 0 spa d | ||
| 020 | _a9501520749 | ||
| 040 |
_aMx-PuUPA _bspa _cMx-PuUPA _dMx-PuUPA _erda |
||
| 041 | 1 |
_aspa _heng |
|
| 100 | 1 |
_aColoroso, Barbara, _916918 _eautor |
|
| 240 | 1 | 0 |
_aKids are worth it! _lEspañol |
| 245 | 1 | 0 |
_aPadres respetuosos, hijos responsables / _cBarbara Coloroso ; traducción, Delia Lavedán |
| 264 | 1 |
_aBarcelona : _bJavier Vergara Editor, _c©1999 |
|
| 300 |
_a365 páginas ; _c22 cm |
||
| 336 |
_2rdacontent _atexto _btxt |
||
| 337 |
_2rdamedia _asin medio _bn |
||
| 338 |
_2rdacarrier _avolumen _bnc |
||
| 490 | 0 | _aPara vivir mejor | |
| 500 | _a"Cómo educar a sus hijos con disciplina y amor". -- Cubierta. | ||
| 650 | 7 |
_2armarc _aCrianza de niños |
|
| 650 | 7 |
_2armarc _aDisciplina infantil |
|
| 650 | 7 |
_2armarc _aNiños _xConducta (Ética) |
|
| 650 | 7 |
_2armarc _aAutocontrol en niños |
|
| 650 | 7 |
_2armarc _aEducación para la vida |
|
| 700 | 1 |
_aLavedán, Delia, _etraductor |
|
| 765 | 0 |
_aColoroso, Barbara _tKids are worth it! _b[Lugar de publicación no identificado] : Somerville House Publishing, 1995 |
|
| 942 |
_2ddc _cLI _h649.1 _iC6813 |
||
| 999 |
_c6831 _d6831 |
||